| 000 -LEADER |
| fixed length control field |
00587cam a2200193 a 4500 |
| 020 ## - INTERNATIONAL STANDARD BOOK NUMBER |
| ISBN |
9781608769667 |
| 020 ## - INTERNATIONAL STANDARD BOOK NUMBER |
| ISBN |
1608769666 |
| 040 ## - CATALOGING SOURCE |
| Transcribing agency |
UKM |
| 082 04 - DEWEY DECIMAL CLASSIFICATION NUMBER |
| Classification number |
382 UNC 2009 C161 Or. |
| 245 00 - TITLE STATEMENT |
| Title |
U.S. trade, protectionism and the global economic downturn / |
| 260 ## - PUBLICATION, DISTRIBUTION, ETC. (IMPRINT) |
| Place of publication |
New York : |
| Name of publisher |
Nova Science Publishers, Inc., |
| Year of publication |
c2010 |
| 300 ## - PHYSICAL DESCRIPTION |
| Number of Pages |
xiv, 130 p. : |
| Other physical details |
ill. (some col.), maps ; |
| Dimensions |
24 cm |
| 490 1# - SERIES STATEMENT |
| Series statement |
Global economic studies |
| 650 #0 - SUBJECT ADDED ENTRY--TOPICAL TERM |
| Topical Term |
Balance of trade |
| 650 #0 - SUBJECT ADDED ENTRY--TOPICAL TERM |
| Topical Term |
Protectionism |
| 650 #0 - SUBJECT ADDED ENTRY--TOPICAL TERM |
| Topical Term |
Global Financial Crisis, 2008-2009 |
| 700 1# - ADDED ENTRY--PERSONAL NAME |
| Personal name |
Caldwell, Andrew J |
| 942 ## - ADDED ENTRY ELEMENTS (KOHA) |
| Koha item type |
ADB |
| 952 ## - LOCATION AND ITEM INFORMATION (KOHA) |
| Withdrawn status [LOCAL, KOHA] |
0 |